| 000 | 00846nam a22002777a 4500 | ||
|---|---|---|---|
| 003 | DO-SdBNP | ||
| 005 | 20180119093557.0 | ||
| 008 | 861112 1973 sp a 000 0 spa d | ||
| 010 | _a | ||
| 020 | _a8426109578 | ||
| 040 |
_aBPMSU _cspa _dBPMSU _d |
||
| 100 | 1 |
_aBlyton, Enid _d1897-1968 |
|
| 240 | 1 | 0 |
_aFive fall into adventure / _leng. |
| 245 | 1 | 4 |
_aLos cinco frente a la aventura / _cEnid Blyton ; traducción María Victoria Oliva ; ilustraciones José Correas |
| 250 | _a5a. ed. | ||
| 260 |
_aBarcelona, España : _bJuventud, _c1973. |
||
| 300 |
_a174 p. : _bil. _c20 cm. |
||
| 490 | 0 |
_aLos cinco _v30 |
|
| 600 | 0 | 0 |
_a _x |
| 700 | 1 | 2 |
_aOliva, María Victoria _etrad. |
| 700 | 1 | 2 |
_aCorreas, José _eil. |
| 830 | 0 |
_aLos cinco _n30 |
|
| 942 |
_2ddc _cBK |
||
| 945 | _aInventariado, 2018 / YL | ||
| 956 |
_aYLOCKWARD _b10 _cBPMSU _d17192018 |
||
| 999 |
_c13239 _d13239 |
||